000
00265nam a22001217a 4500
003
SGT
082
_a
746.44
_b
DHA
100
_a
DHANLAXMI, DAVDA
245
_a
DHAN'S SPRING SUMMER COLLECTION
260
_b
INDICA PUB. KOLKATA
_c
2016
300
_a
45
942
_2
ddc
_c
BK
999
_c
13395
_d
13395